00934nam a2200229 a 4500008004100000020001800041050001500059100002400074245009000098250001200188260004300200300002100243350001000264650001800274650001600292650001900308700001900327700002100346995017400367999001700541952014600558170306s2012 ||||||||||||||||| || u a9781437720242 aRD 731 Mil aThompson, Stephen R10aReview of orthopaedicscBy Mark D. Miller, Stephen R. Thompson [and] Jennifer A. Hart a6th ed. aPhiladelphia:bElsevier Saundersc2012 axvi, 856p.: ill. a99.95 aBONE DISEASES 0aORTHOPEDICS aJOINT DISEASES aMiller, Mark D aHart, Jennifer A aMEDICAL LIBRARY OPEN ACCESSe903683FCBU-SCHOOL OF MEDICINE LIBRARY (Ndola)I99.95jRD 731 MilM1UAVAILABLEWMar 7, 2017y903683ZMedical Library Open Access Collection c32621d32621 00102lcc4070a002b002cMedical Library Open Access Collectiond2022-11-30l1oRD 731 Milp903683r2024-05-20s2024-05-06w2022-11-30y002